| 000 | 00516nam a2200133Ia 4500 | ||
|---|---|---|---|
| 008 | 171212s9999 xx 000 0 und d | ||
| 020 | _a9781921666025 | ||
| 245 |
_ceditor Huisken, Ron _aThe Architecture of Security in the Asia-Pacific |
||
| 260 |
_bANU E Press _c2009 |
||
| 440 | _aStrategic and Defence Studies Centre (SDSC) | ||
| 650 | _aNational security -- Asia -- Congresses; National security -- Pacific Area -- Congresses | ||
| 650 | _aPolitical Science | ||
| 856 | _uwww.jstor.org/stable/10.2307/j.ctt24h898 | ||
| 999 |
_c351343 _d351343 |
||